Modern Approaches of Evaluating the Financial Performance in Selected Company

Salvato in:
Dettagli Bibliografici
Autore principale: Lacko, Roman, 1988-
Altri autori: Gubacký, Marián
Natura: Capitolo di libro
Lingua:inglese
Soggetti:
Tags: Aggiungi Tag
Nessun Tag, puoi essere il primo ad aggiungerne!!

MARC

LEADER 00000naa a2200000 4500
001 0227084
005 20240502073737.2
041 0 |a eng 
044 |a SK 
245 1 0 |a Modern Approaches of Evaluating the Financial Performance in Selected Company  |c Roman Lacko, Marián Gubacký 
610 2 0 |a výkazy finančné 
610 2 0 |a analýza finančná 
610 2 0 |a spoločnosti obchodné 
610 2 0 |a účtovníctvo manažérske 
610 2 0 |a automobilizmus 
100 1 |a Lacko, Roman, 1988- 
700 1 |a Gubacký, Marián